| 000 | 00428nam a2200145Ia 4500 | ||
|---|---|---|---|
| 008 | 210430s9999 xx 000 0 und d | ||
| 020 | _a9780070701236 | ||
| 082 | _a660.63 B152 B | ||
| 100 |
_aJames E. Bailey, David F. Ollis _9127009 |
||
| 245 |
_aBiochemical Engineering Fundamentals 2nd edition / _cJames E. Bailey |
||
| 250 | _a2nd edition | ||
| 260 |
_aNew york _bMcGraw hill _c2010 |
||
| 300 | _a984 p | ||
| 942 |
_cBK _2ddc |
||
| 999 |
_c565724 _d565724 |
||